LEADER 00841nam0-22003131--450- 001 990008194690403321 005 20050928150902.0 035 $a000819469 035 $aFED01000819469 035 $a(Aleph)000819469FED01 035 $a000819469 100 $a20050928d1989----km-y0itay50------ba 101 0 $aita 102 $aIT 105 $ay---n---001yy 200 1 $a<>Ministero dell' ambiente$fFilippo Salvia 210 $aRoma$cNIS$d1989 215 $a154 p.$d22 cm 225 1 $a<>pubblica amministrazione 676 $a353.8$v12$zita 700 1$aSalvia,$bFilippo$f<1935- >$01789 801 0$aIT$bUNINA$gRICA$2UNIMARC 901 $aBK 912 $a990008194690403321 952 $aVI F 828$b2468$fDDA 952 $aVI I 618$b2187$fDDA 959 $aDDA 996 $aMinistero dell' ambiente$9734415 997 $aUNINA LEADER 01010nam0-22003011i-450- 001 990006359320403321 005 20051006135437.0 035 $a000635932 035 $aFED01000635932 035 $a(Aleph)000635932FED01 035 $a000635932 100 $a20000112d1992----km-y0itay50------ba 101 0 $ager 102 $aDE 105 $ay---n---001yy 200 1 $aRechtsschutz im Rahmen staatlicher Tarigenehmigungsverfahren$eunter besonderer Berucksichtigung des Verhaltnisses zwischen Deutscher Bundesbahn und Bundesverkehrsminister$fNorbert Mayer 210 $aBerlin$cDuncker und Humblot$d1992 215 $a226 p.$d23 cm 225 1 $aSchriften zum öffentlichen Recht$v612 676 $a343.055$v20$zita 700 1$aMayer,$bNorbert$0239100 801 0$aIT$bUNINA$gRICA$2UNIMARC 901 $aBK 912 $a990006359320403321 952 $aCOLLEZ. 147 (612)$b34179*$fFGBC 959 $aFGBC 996 $aRechtsschutz im Rahmen staatlicher Tarigenehmigungsverfahren$9657883 997 $aUNINA LEADER 01104nam0-2200349---450 001 990009956600403321 005 20230220122544.0 010 $a978-88-7970-659-9 035 $a000995660 100 $a20150422d2014----km-y0itay50------ba 101 0 $aita 102 $aIT 105 $aa---ac--001yy 200 1 $aIn partenza dal regno$eesportazioni e commercio d'arte e d'antichità a Napoli nella prima metà dell'Ottocento$fAndrea Milanese 210 $aFirenze$cEdifir Edizioni Firenze$d2014 215 $a383 p.$cill.$d30 cm 225 1 $a<>voci del museo$v31 610 0 $aOpere d'arte$aCommercio$aRegno di Napoli <1266-1815>$aFonti archivistiche 676 $a709.45731 700 1$aMilanese,$bAndrea$0318282 801 0$aIT$bUNINA$gRICA$2UNIMARC 901 $aBK 912 $a990009956600403321 952 $a03.1412$b09/2015$fDARST 952 $a708 VDM 031$fFLFBC 952 $a708 VDM 031 bis$b2020/344$fFLFBC 952 $aSEZ.NA C 1517$b874/2022$fFARBC 959 $aFARBC 959 $aDARST 959 $aFLFBC 996 $aIn partenza dal regno$9822977 997 $aUNINA